[Event "FRA-ch U12"]
[Site "Agen"]
[Date "2021.10.24"]
[Round "1"]
[White "Herman, Eliot"]
[Black "Cassam Chenai, Antoine"]
[Result "0-1"]
[WhiteElo "1253"]
[BlackElo "1962"]
[PlyCount "96"]
[EventDate "2021.10.22"]
[EventType "swiss"]
[EventRounds "9"]
[EventCountry "FRA"]
[SourceTitle "EXT 2023"]
[Source "ChessBase"]
[SourceDate "2022.10.05"]
[SourceVersion "1"]
[SourceVersionDate "2022.10.05"]
[SourceQuality "1"]

1. e4 c5 2. Nc3 Nc6 3. Bb5 Nd4 4. Bc4 e6 5. Nge2 a6 6. Nxd4 cxd4 7. Ne2 b5 8. Bb3 Bc5 9. d3 Nf6 10. Bg5 h6 11. Bh4 Bb7 12. 0-0 Qc7 13. c3 dxc3 14. bxc3 Rc8 15. d4 Bb6 16. f3 Ba5 17. Rc1 g5 18. Bg3 Qd8 19. c4 bxc4 20. Bxc4 d5 21. Be5 dxc4 22. Bxf6 Qxf6 23. Qa4+ Kf8 24. Qxa5 Kg7 25. Qb4 Bc6 26. a4 Rb8 27. Qxc4 Bb7 28. Ng3 h5 29. Rb1 h4 30. Ne2 h3 31. g3 Rhc8 32. Qd3 a5 33. f4 Qg6 34. f5 exf5 35. Rxf5 Ba6 36. Rxb8 Bxd3 37. Rxc8 Bxe4 38. Re5 Bb7 39. Rcc5 Qb1+ 40. Rc1 Qd3 41. Rf1 Bf3 42. Re1 Qd2 43. Kf1 f6 44. Re7+ Kg6 45. Rd7 Kh6 46. Rd6 Qe3 47. Nf4 Bg2+ 48. Nxg2 Qf3+ 0-1